| 000 | 01378nam0a22003251 4500 | ||
|---|---|---|---|
| 001 | rc\4744379 | ||
| 005 | 20130416214617.2 | ||
| 021 |
_aRU _b98-ВП-1280/12 |
||
| 021 |
_aRU _bРг2553-58 |
||
| 021 |
_aRU _b98-ВП-1280/11 |
||
| 035 | _a(NLR Aleph) 008454540 | ||
| 090 |
_a7830393 _c7830393 |
||
| 100 | _a20130416d1958 |||y0rusy50 ca | ||
| 101 | 0 | _arus | |
| 102 | _aRU | ||
| 105 | _aa z ||||| | ||
| 200 | 1 |
_aОписание аппаратуры дальней связи _eОсновные электрические характеристики аппаратуры и каналов дальней связи _e[Учеб. пособие] _fВоен. Краснознам. акад. связи им. С.М. Буденного |
|
| 210 |
_aЛенинград _cБ. и. _d1958 |
||
| 215 |
_a220 с., 2 л. схем. _cсхем. _d22 |
||
| 300 | _aПеред загл. авт.: Г.С. Старобинец, В.А. Домрачев, Г.П. Журавлев [и др.] | ||
| 311 | _aПрил.: Альбом схем., 1958 | ||
| 421 | 0 |
_11010#$arus _12001#$aАльбом схем _1210##$d1958 _1215##$a[2] с., [6] л. схем. |
|
| 701 | 1 |
_aДомрачев _bВ. А. |
|
| 701 | 1 |
_aСтаробинец _bГ. С. |
|
| 701 | 1 |
_aЖуравлев _bГ. П. |
|
| 801 | 0 |
_aRU _bNLR _gpsbo |
|
| 801 | 1 |
_aRU _bELAR _2rusmarc |
|
| 852 |
_aNLR _j58-5/1620 |
||
| 942 | _cBOOK | ||
| 980 | _aNB | ||